| 000 | 00524 a2200181 4500 | ||
|---|---|---|---|
| 003 | OSt | ||
| 005 | 20240301121110.0 | ||
| 008 | 240202b |||||||| |||| 00| 0 eng d | ||
| 020 | _a9789387334281 | ||
| 040 | _coclc | ||
| 082 |
_a910 _bKOT/B |
||
| 100 |
_aKottakkal, Sreekanth _910358 |
||
| 245 |
_aBengal Manpathakalum Manushyarum / _cSreekanth. Kottakkal |
||
| 250 | _a3ed ed. | ||
| 260 |
_aKozhikode: _bOlive Publications, _c2023. |
||
| 300 | _a113p. | ||
| 942 |
_2ddc _cBK _h910 _iKOT/B _k910 _mKOT/B |
||
| 999 |
_c44254 _d44254 |
||